Datum a čas kvízu
30.5
Celkem bodů
Celkový počet nahraných bodů na tomto kvízu bez doplňovacích otázek.
4.
Pořadí na kvízu
Konečné umístění týmu na tomto kvízu.
Zaznamenané odpovědi
| # | Otázka | Odpověď | Body | Výsledky |
|---|---|---|---|---|
| 1. | V nablýskaném vozu značky Roll... | Filip Turek, Brusel | 1 | |
| 2. | Minulý týden byla zvolena před... | z Malty | 0 | |
| 3. | Na čtvrté místo stovky nejhorš... | C) chlebová polévka | 0 | |
| 4. | Česká obchodní inspekce minulý... | Penny Market | 1 | |
| 5. | Bývalý pilot F1 učinil minulý... | Ralf Schumacher | 1 | |
| 6. | Na hudební téma Přátelství z m... | v 18. století | 1 | |
| 7. | Ve které filmové sérii se obje... | Toy Story: Příběh hraček | 1 | |
| 8. | Zprovoznění sociální sítě Face... | B | 0 | |
| 9. | Kterým slovem na F označují če... | frazém | 0 | |
| 10. | V románu Bylo nás pět vzpomíná... | Ota (Otakárek) | 1 |